Famous Leaders #2 - Statistics

General Stats
  • This quiz has been taken 44 times
  • The average score is 4 of 5
Answer Stats
Picture Answer % Correct
Vladimir Putin
100%
Vladimir Lenin
90%
Thomas Jefferson
88%
Winston Churchill
85%
Queen Victoria
65%
No matching quizzes found
Score Distribution
Percent of People with Each Score
Percentile by Number Answered
Your Score History
You have not taken this quiz